Family of knight (in Hollow Knight) - Statistics

General Stats
  • This quiz has been taken 97 times
    32 since last reset
  • The average score is 5 of 6
Answer Stats
Hint Answer % Correct
Stepsister Hornet
97%
Father Pale King
97%
Sibling Pure Vessel
90%
Mother White Lady
90%
Sibling Broken Vessel
86%
Stepmother Herrah the Beast
83%
No matching quizzes found
Score Distribution
Percent of People with Each Score
Percentile by Number Answered
Your Score History
You have not taken this quiz since the last reset